| 000 | 01236naa a2200301 c 4500 | ||
|---|---|---|---|
| 001 | 42494 | ||
| 003 | ES-MaCES | ||
| 005 | 20141221114210.0 | ||
| 008 | 120306n2011 sp t 000 | spa d | ||
| 035 | _aCES20120001023v | ||
| 040 |
_aES-MaCES _bspa _cES-MaCES |
||
| 100 | 1 |
_aFernández Orrico, Francisco Javier _911935 |
|
| 245 | 1 | 3 |
_aLo esencial en la reforma de la Seguridad Social de 2011 _b: modificaciones en la acción protectora y regímenes especiales _cFco. Javier Fernández Orrico |
| 500 | _aResumen en español e inglés | ||
| 610 | 1 | 4 |
_aEspaña _tLey sobre actualización, adecuación y modernización del sistema de Seguridad Social _d2011 _93206 |
| 650 | 4 |
_acomentario _928971 |
|
| 650 | 4 |
_a2011 _931999 |
|
| 650 | 4 |
_aEspaña _926964 |
|
| 650 | 4 |
_alegislación de seguridad social _929855 |
|
| 650 | 4 |
_ajubilación _928360 |
|
| 650 | 4 |
_arégimen de pensión _927042 |
|
| 650 | 4 |
_areforma de la seguridad social _930668 |
|
| 653 | 1 | 0 | _aDerecho del trabajo y Seguridad Social |
| 773 | 0 |
_tJusticia laboral _gaño 11, n. 48 (4º trim. 2011){55/866 R. 080872}; p.47-82 _w(ES-MaCES)25844 _975471 |
|
| 902 | _aART Artículo de revista | ||
| 942 |
_2CES _cAR _h6.0.1. |
||
| 999 |
_c42494 _d42494 |
||